|
|
|
|
| LEADER |
00767cam a2200205 7i4500 |
| 001 |
0000041530 |
| 005 |
20170329090000.0 |
| 020 |
|
|
|a 9780737747355 (hbk.)
|
| 020 |
|
|
|a 0737747358 (hbk.)
|
| 090 |
0 |
0 |
|a HV9104
|b .J88 2010
|
| 245 |
0 |
0 |
|a Juvenile crime
|c Noel Merino, book editor.
|
| 260 |
|
|
|a Detroit:
|b GALE Cengage Learning,
|c 2010.
|
| 300 |
|
|
|a 146 p.:
|b col. ill.;
|c 24 cm.
|
| 490 |
0 |
|
|a Introducing issues with opposing viewpoints
|
| 650 |
0 |
0 |
|a Juvenile delinquency --
|z United States
|
| 650 |
0 |
0 |
|a Juvenile delinquency --
|x Prevention --
|z United States
|
| 700 |
1 |
|
|a Merino, Noel
|
| 997 |
|
|
|a Education & Social Sciences, Faculty
|b Social Sciences, Department
|
| 998 |
|
|
|a Industrial Psychology, Degree
|
| 999 |
|
|
|a 0000056121
|b BOK
|c OPEN SHELF
|e 1st Floor, Bestari Jaya
|